[Event "29th Czech Open A 2018"]
[Site "Pardubice CZE"]
[Date "2018.07.23"]
[Round "4.107"]
[White "Goluch, Piotr"]
[Black "Richterova, Natasa"]
[Result "1-0"]
[WhiteTitle "FM"]
[BlackTitle "WIM"]
[WhiteElo "2332"]
[BlackElo "2146"]
[WhiteFideId "1137840"]
[BlackFideId "350591"]
[EventDate "2018.07.20"]

1. d4 d5 2. c4 c6 3. Nf3 Nf6 4. e3 e6 5. b3 Bd6 6. Bb2 Nbd7 7. Bd3 O-O 8. O-O b6
9. Nbd2 Bb7 10. Ne5 Bxe5 11. dxe5 Ne8 12. Qh5 f5 13. exf6 Nexf6 14. Qh3 Re8 15.
Nf3 e5 16. Bf5 Qe7 17. Rad1 g6 18. Bb1 Rad8 19. cxd5 cxd5 20. Rfe1 Bc8 21. Qh4
Bb7 22. Qa4 a6 23. h3 Nh5 24. Nh2 b5 25. Qa5 Qg5 26. Qc7 Ba8 27. Ng4 d4 28. exd4
Nf4 29. Be4 Bxe4 30. Rxe4 h5 31. Ne3 Nxh3+ 32. Kf1 Nxf2 33. Kxf2 Nf6 34. Rxe5
Ne4+ 35. Ke2 Ng3+ 36. Ke1 Qh4 37. Kd2 Rf8 38. Re7 Ne4+ 39. Kd3 Nf2+ 40. Ke2 Qf6
41. Rf1 Rc8 42. Qe5 Qxe5 43. Rxe5 Ng4 44. Rxf8+ Kxf8 45. Ba3+ Kf7 46. Nxg4 Rc2+
47. Kd3 Rxa2 48. Re7+ Kf8 49. Bd6 1-0

[Event "29th Czech Open A 2018"]
[Site "Pardubice CZE"]
[Date "2018.07.23"]
[Round "4.108"]
[White "Hoellmann, Ludger"]
[Black "Haring, Filip"]
[Result "0-1"]
[BlackTitle "FM"]
[WhiteElo "2145"]
[BlackElo "2310"]
[WhiteFideId "4606507"]
[BlackFideId "14933080"]
[EventDate "2018.07.20"]

1. Nf3 Nf6 2. c4 g6 3. g3 Bg7 4. Bg2 d5 5. cxd5 Nxd5 6. d4 O-O 7. O-O Nc6 8. Nc3
Nxc3 9. bxc3 Na5 10. Bf4 c6 11. Qc2 Nc4 12. Nd2 e5 13. Nxc4 exf4 14. gxf4 Qc7
15. e3 Be6 16. Nd2 Rfd8 17. Rac1 c5 18. Ne4 b6 19. Ng5 Bf5 20. Be4 h6 21. Nf3
Bh3 22. Ne5 Rac8 23. Rfe1 Qd6 24. Qe2 f6 25. Nd3 c4 26. Nb2 b5 27. Qf3 Bd7 28.
f5 g5 29. a4 Qa3 30. Qe2 Re8 31. Bd5+ Kh8 32. axb5 Qd6 33. Bc6 Rxc6 34. bxc6
Bxc6 35. f3 g4 36. Nxc4 Qc7 37. fxg4 Bb5 38. e4 Bxc4 39. Qf3 Bf8 40. Rb1 Bd6 41.
Rb2 a5 42. Reb1 a4 43. Qh3 Bf4 44. Rb7 Qc6 45. e5 Qe4 0-1

[Event "29th Czech Open A 2018"]
[Site "Pardubice CZE"]
[Date "2018.07.23"]
[Round "4.109"]
[White "Dhulipalla, Bala Chandra Prasad"]
[Black "Thrish, Karthik"]
[Result "1-0"]
[WhiteTitle "IM"]
[WhiteElo "2268"]
[BlackElo "2145"]
[WhiteFideId "25005812"]
[BlackFideId "46626433"]
[EventDate "2018.07.20"]

1. d4 Nf6 2. c4 c6 3. Nf3 d5 4. e3 a6 5. Nbd2 g6 6. b4 Bg7 7. Be2 O-O 8. O-O
Nbd7 9. Bb2 b6 10. a4 Bb7 11. Qb3 Rb8 12. Rfc1 c5 13. bxc5 bxc5 14. Qa3 Ne4 15.
Nxe4 dxe4 16. Nd2 cxd4 17. Bxd4 Bxd4 18. exd4 Nf6 19. Qe3 Qc7 20. d5 Qe5 21. Bf3
e6 22. Nxe4 exd5 23. Nxf6+ Qxf6 24. cxd5 Rbd8 25. Qb3 Rd7 26. Ra2 Rfd8 27. Rd1
Qg5 28. Rad2 Qe5 29. h3 h5 30. Qc4 Qg5 31. Rd4 Qe5 32. Qb3 Ba8 33. Qd3 Bb7 34.
Kh1 Rd6 35. Qe4 Qxe4 36. Bxe4 Kg7 37. Kh2 f5 38. Bf3 Kf6 39. Kg3 R8d7 40. h4 Ke5
41. a5 Bxd5 42. Rxd5+ Rxd5 43. Rxd5+ Rxd5 44. Bxd5 Kxd5 45. Kf4 Ke6 46. Kg5 Kf7
47. Kh6 Kf6 48. f4 Kf7 49. Kh7 Kf6 50. Kg8 g5 51. hxg5+ Kg6 52. g3 1-0

[Event "29th Czech Open A 2018"]
[Site "Pardubice CZE"]
[Date "2018.07.23"]
[Round "4.110"]
[White "Klecker, Tadeas"]
[Black "Krak, Tomas"]
[Result "0-1"]
[BlackTitle "FM"]
[WhiteElo "2138"]
[BlackElo "2268"]
[WhiteFideId "326950"]
[BlackFideId "14903750"]
[EventDate "2018.07.20"]

1. d4 Nf6 2. c4 g6 3. Nc3 Bg7 4. e4 d6 5. Bg5 O-O 6. Be2 Na6 7. Qd2 e5 8. d5 Nc5
9. f3 a5 10. h4 Qe8 11. g4 c6 12. h5 cxd5 13. cxd5 Bd7 14. Nh3 b5 15. Nf2 b4 16.
Ncd1 Qe7 17. Ne3 b3 18. a3 Rfc8 19. Rc1 Na4 20. Rxc8+ Bxc8 21. Bb5 Nc5 22. Nd3
Qc7 23. Bc6 Nxd3+ 24. Qxd3 Rb8 25. h6 Bh8 26. Kf2 Nd7 27. Bb5 Nc5 28. Qe2 a4 29.
Kg2 Qa5 30. Bc4 Bd7 31. Bh4 Qc7 32. Rc1 Qc8 33. Kh2 Qf8 34. g5 f6 35. Ng4 Bxg4
36. fxg4 Qe7 37. Qe3 fxg5 38. Bxg5 Bf6 39. Bxf6 Qxf6 40. g5 Qe7 41. Rf1 Rf8 42.
Rxf8+ Qxf8 43. Kg3 Qd8 44. Bb5 Qa5 45. Bc4 Nd7 46. Kg4 Qc5 47. Qxc5 dxc5 48. d6+
Kf8 49. Be6 Ke8 50. Kf3 Nf8 51. Bg4 c4 52. Ke3 c3 53. Be2 cxb2 54. Bd3 Kd7 55.
Kd2 Kxd6 56. Kc3 Kc5 57. Kxb2 Ne6 58. Ba6 Nxg5 59. Bc8 Kb5 60. Bd7+ Ka5 61. Be8
Nxe4 62. Bxg6 Nf6 63. Bf5 Ng8 64. Bxh7 Nxh6 65. Kc3 Ng4 66. Kc4 Nf6 67. Bb1 e4
68. Kc3 Kb5 69. Kd4 Kc6 70. Kc4 Kd6 71. Kb4 Kd5 72. Kxa4 Kc4 73. Ka5 e3 0-1

[Event "29th Czech Open A 2018"]
[Site "Pardubice CZE"]
[Date "2018.07.24"]
[Round "5.1"]
[White "Steinberg, Nitzan"]
[Black "Zwardon, Vojtech"]
[Result "1-0"]
[WhiteTitle "GM"]
[BlackTitle "IM"]
[WhiteElo "2521"]
[BlackElo "2424"]
[WhiteFideId "2801795"]
[BlackFideId "325511"]
[EventDate "2018.07.20"]

1. e4 c5 2. Nf3 Nc6 3. d4 cxd4 4. Nxd4 g6 5. c4 Bg7 6. Be3 Nf6 7. Nc3 Ng4 8.
Qxg4 Nxd4 9. Qd1 Ne6 10. Rc1 Qa5 11. Be2 b6 12. O-O Bb7 13. f3 h5 14. Rf2 h4 15.
Bd3 Qh5 16. Qd2 f5 17. Nd5 Rf8 18. f4 Rc8 19. Be2 Qh8 20. exf5 gxf5 21. Rd1 Ba8
22. Nxe7 Kxe7 23. Qxd7+ Kf6 24. Rd6 Rce8 25. Bh5 1-0

[Event "29th Czech Open A 2018"]
[Site "Pardubice CZE"]
[Date "2018.07.24"]
[Round "5.2"]
[White "Deepan, Chakkravarthy J."]
[Black "Van Foreest, Jorden"]
[Result "1/2-1/2"]
[WhiteTitle "GM"]
[BlackTitle "GM"]
[WhiteElo "2519"]
[BlackElo "2640"]
[WhiteFideId "5011132"]
[BlackFideId "1039784"]
[EventDate "2018.07.20"]

1. e4 e5 2. Nf3 Nc6 3. Bc4 Bc5 4. c3 Nf6 5. d3 d6 6. Bb3 O-O 7. O-O a6 8. Bg5
Ba7 9. Nbd2 h6 10. Be3 Re8 11. Re1 Bxe3 12. Rxe3 d5 13. Re1 Be6 14. a4 Rb8 15.
a5 Qd7 16. Qc2 dxe4 17. dxe4 Bxb3 18. Qxb3 Qe7 19. Qc4 Red8 20. Nb3 Rd6 21. Nh4
Qe6 22. Qxe6 Rxe6 23. Nf5 g6 24. Ng3 Rd6 25. f3 Nd8 26. Nc5 Kf8 27. Kf1 Ke7 28.
Ke2 Ne6 29. Nxe6 Kxe6 30. Red1 Rbd8 31. Rxd6+ Rxd6 32. Nf1 Nh5 33. g3 f5 34. Ra4
f4 35. Rc4 Kd7 36. Rc5 Re6 37. Rd5+ Ke7 38. Rc5 Kd7 39. Rd5+ Ke7 40. Rc5 1/2-1/2

[Event "29th Czech Open A 2018"]
[Site "Pardubice CZE"]
[Date "2018.07.24"]
[Round "5.3"]
[White "Stany, G.A."]
[Black "Paravyan, David"]
[Result "1-0"]
[WhiteTitle "IM"]
[BlackTitle "GM"]
[WhiteElo "2483"]
[BlackElo "2638"]
[WhiteFideId "5029104"]
[BlackFideId "4194985"]
[EventDate "2018.07.20"]

1. e4 e5 2. Nf3 Nf6 3. Nxe5 d6 4. Nf3 Nxe4 5. Nc3 Nxc3 6. dxc3 Be7 7. Be3 Nd7 8.
Qd2 O-O 9. O-O-O Nf6 10. c4 Re8 11. Bd3 a6 12. Kb1 c5 13. Rhe1 Bd7 14. Bf4 Bc6
15. Bg5 h6 16. Bxf6 Bxf6 17. Rxe8+ Qxe8 18. Re1 Qd7 19. Be4 Rb8 20. Bxc6 bxc6
21. b3 Rd8 22. h3 Qc7 23. Re3 a5 24. Rd3 a4 25. Kc1 d5 26. cxd5 axb3 27. axb3
Qa7 28. Kd1 cxd5 29. Ke2 Qa6 30. Kf1 Bb2 31. Kg1 Qa1+ 32. Kh2 Bc1 33. Qe2 Bf4+
34. g3 Bd6 35. Rxd5 Qa8 36. Rd3 Re8 37. Re3 Rd8 38. Qc4 Qb8 39. Kg2 Bf8 40. Ne5
Qc7 41. c3 Re8 42. Qd5 Rd8 43. Qf3 Rb8 44. c4 Bd6 45. Qd5 Bxe5 46. Rxe5 g6 47.
Re3 Rd8 48. Qe4 h5 49. h4 Qd7 50. Qf3 Qd6 51. Qb7 Rb8 52. Qe4 Kg7 53. Rd3 Qc7
54. Qe3 Kg8 55. Kh2 Qb6 56. Qe7 Qc6 57. Rd7 Qe6 58. Qxe6 fxe6 59. Rc7 Rxb3 60.
Rxc5 Kf7 61. Rc8 e5 62. c5 Rc3 63. c6 Rc2 64. Kg2 Rc3 65. Kf1 Rc2 66. Ke1 Kf6
67. Kd1 Rc5 68. Kd2 Kf7 69. Kd3 Kg7 70. Ke3 Kf6 71. Ke4 Kf7 72. f3 Kg7 73. g4
hxg4 74. fxg4 Kf6 75. g5+ Ke6 76. Rg8 Kf7 77. Rc8 Ke6 78. Rf8 Rc4+ 79. Kd3 Rd4+
80. Ke3 Rc4 81. Kd3 Rd4+ 82. Kc3 Kd6 83. Rf6+ Kd5 84. Rxg6 Rxh4 85. Rf6 Rh7 86.
g6 Rg7 87. Kb4 e4 88. Kb5 e3 89. Rf8 Kd4 90. Re8 Kd3 91. Rd8+ Kc2 92. Rd7 Rxg6
93. c7 Rg8 94. Rd8 Rg5+ 95. Kb6 Rg6+ 96. Kc5 e2 97. c8=Q e1=Q 98. Qf5+ Kb2 99.
Rb8+ Ka1 100. Ra8+ Kb2 101. Qxg6 Qe3+ 102. Kb5 Qb3+ 103. Ka6 Qa4+ 104. Kb7 Qd7+
105. Kb6 Qd4+ 106. Kc7 Qc5+ 107. Qc6 Qe7+ 108. Kb6 Qe3+ 109. Qc5 Qe6+ 110. Kb5
Qe2+ 111. Ka5 1-0

[Event "29th Czech Open A 2018"]
[Site "Pardubice CZE"]
[Date "2018.07.24"]
[Round "5.4"]
[White "Movsesian, Sergei"]
[Black "Braeuer, Franz"]
[Result "1-0"]
[WhiteTitle "GM"]
[BlackTitle "IM"]
[WhiteElo "2635"]
[BlackElo "2426"]
[WhiteFideId "310204"]
[BlackFideId "24634468"]
[EventDate "2018.07.20"]

1. Nf3 d5 2. g3 Nd7 3. Bg2 e5 4. O-O Bd6 5. Nc3 c6 6. e4 d4 7. Ne2 Ne7 8. d3 Ng6
9. Ne1 h5 10. f4 h4 11. f5 Ngf8 12. g4 h3 13. Bh1 Be7 14. Nf3 Nh7 15. Kf2 Ng5
16. Neg1 c5 17. Qd2 Nxf3 18. Nxf3 c4 19. dxc4 Nf6 20. Qd3 Nxg4+ 21. Ke2 Qc7 22.
Bd2 Bd7 23. Rg1 Nf6 24. Rxg7 Nh5 25. Rg4 Nf6 26. Rg3 Rc8 27. Rag1 b5 28. cxb5 a6
29. bxa6 Qb6 30. Ke1 Qxb2 31. Nxe5 Ba4 32. a7 Bb4 33. Nc4 Bxd2+ 34. Qxd2 1-0

[Event "29th Czech Open A 2018"]
[Site "Pardubice CZE"]
[Date "2018.07.24"]
[Round "5.5"]
[White "Drozdowski, Kacper"]
[Black "Sengupta, Deep"]
[Result "1/2-1/2"]
[WhiteTitle "IM"]
[BlackTitle "GM"]
[WhiteElo "2455"]
[BlackElo "2565"]
[WhiteFideId "1136720"]
[BlackFideId "5008352"]
[EventDate "2018.07.20"]

1. d4 d5 2. c4 c6 3. Nc3 Nf6 4. cxd5 cxd5 5. Bf4 Nc6 6. e3 a6 7. Rc1 Bf5 8. a3
e6 9. Nf3 Bd6 10. Bxd6 Qxd6 11. Bd3 Bxd3 12. Qxd3 O-O 13. O-O Rac8 14. Na4 Rc7
15. Rc2 Rfc8 16. Rfc1 Nd8 17. Ne5 Ne8 18. h3 f6 19. Nf3 Rxc2 20. Rxc2 Rxc2 21.
Qxc2 Qc6 22. Qb3 Nd6 23. Qb4 Qc1+ 24. Kh2 Qc7 25. Kg1 Qc1+ 26. Kh2 Qc7 27. Kg1
a5 28. Qb3 Qc1+ 29. Kh2 Qc7 30. Kg1 Ne4 31. Qb5 Qc1+ 32. Kh2 Qc7+ 33. Kg1 Kf7
34. Nc5 Nd6 35. Qa4 b6 36. Nd3 b5 37. Qd1 Ne4 38. Nd2 Nxd2 39. Qxd2 Nb7 40. Qd1
g6 41. h4 Qc4 42. h5 Nd6 43. hxg6+ hxg6 44. Nc5 Ne4 45. b3 Qc3 46. Nxe4 dxe4 47.
d5 f5 48. dxe6+ Kxe6 49. g3 b4 1/2-1/2

[Event "29th Czech Open A 2018"]
[Site "Pardubice CZE"]
[Date "2018.07.24"]
[Round "5.6"]
[White "Harsha, Bharathakoti"]
[Black "Zakhartsov, Viacheslav V."]
[Result "1-0"]
[WhiteTitle "IM"]
[BlackTitle "GM"]
[WhiteElo "2465"]
[BlackElo "2539"]
[WhiteFideId "5078776"]
[BlackFideId "4115333"]
[EventDate "2018.07.20"]

1. d4 Nf6 2. c4 e6 3. Nc3 Bb4 4. e3 O-O 5. Bd2 b6 6. Nf3 Bb7 7. Bd3 Bxc3 8. Bxc3
Ne4 9. Rc1 d6 10. O-O Nd7 11. Be1 Qe7 12. Nd2 Nxd2 13. Bxd2 c5 14. Qe2 Rac8 15.
Bc3 f5 16. f3 Rf7 17. e4 cxd4 18. Bxd4 e5 19. Bc3 f4 20. b4 Rf6 21. Rfd1 Rh6 22.
Be1 Nf8 23. Bc2 Ne6 24. Bf2 Kh8 25. Bb3 g5 26. h3 Rg6 27. Qd2 Rd8 28. Qb2 g4 29.
hxg4 h5 30. c5 Qg5 31. Rxd6 Rxd6 32. cxd6 hxg4 33. Bxe6 Rxe6 34. d7 Rd6 35. Bh4
Qxh4 36. Qxe5+ Kh7 37. Qxd6 g3 38. d8=Q Qh2+ 39. Kf1 Qh1+ 40. Ke2 Qxg2+ 41. Kd3
Qxf3+ 42. Kc2 Bxe4+ 43. Kb2 1-0

[Event "29th Czech Open A 2018"]
[Site "Pardubice CZE"]
[Date "2018.07.24"]
[Round "5.7"]
[White "Kozak, Adam"]
[Black "Bernadskiy, Vitaliy"]
[Result "1/2-1/2"]
[WhiteTitle "IM"]
[BlackTitle "GM"]
[WhiteElo "2446"]
[BlackElo "2586"]
[WhiteFideId "753246"]
[BlackFideId "14100371"]
[EventDate "2018.07.20"]

1. Nf3 e6 2. c4 d5 3. d4 c6 4. Nbd2 f5 5. g3 Nf6 6. Bg2 Bd6 7. O-O O-O 8. Ne5
Nbd7 9. Nd3 a5 10. Qc2 Qe7 11. Nf3 b6 12. Bf4 Ba6 13. Bxd6 Qxd6 14. cxd5 cxd5
15. Rfc1 Rfc8 16. Qd1 Ne4 17. a3 Qe7 18. Nfe5 Nd6 19. e3 Nc4 20. Nxd7 Qxd7 21.
a4 Qe8 22. b3 Nd6 23. Ne5 Nf7 1/2-1/2

[Event "29th Czech Open A 2018"]
[Site "Pardubice CZE"]
[Date "2018.07.24"]
[Round "5.8"]
[White "Stocek, Jiri"]
[Black "Kraus, Tomas"]
[Result "1-0"]
[WhiteTitle "GM"]
[BlackTitle "IM"]
[WhiteElo "2586"]
[BlackElo "2442"]
[WhiteFideId "304760"]
[BlackFideId "331708"]
[EventDate "2018.07.20"]

1. d4 Nf6 2. c4 g6 3. Nc3 d5 4. Nf3 Bg7 5. cxd5 Nxd5 6. Bg5 c5 7. Rc1 Nxc3 8.
bxc3 h6 9. Bh4 cxd4 10. cxd4 g5 11. Bg3 Qa5+ 12. Qd2 Qxd2+ 13. Kxd2 O-O 14. e4
Nc6 15. d5 Rd8 16. Ke3 Nb4 17. Bc4 e6 18. Bc7 Rd7 19. d6 a6 20. Bb3 Nc6 21. Ba4
f5 22. Bxc6 bxc6 23. Nd2 Be5 24. Rxc6 Bf4+ 25. Ke2 Bxd2 26. Kxd2 Bb7 27. Rc5
Bxe4 28. f3 Bd5 29. a4 h5 30. Rb1 g4 31. Ke3 Kf7 32. Ra5 Ke8 33. Rb2 gxf3 34.
gxf3 Rg7 35. Rc5 Kd7 36. Bb8 Bc6 37. Rb6 Rg8 38. Rcxc6 Rgxb8 39. Rc7+ Kd8 40. a5
Rc8 41. Rh7 1-0

[Event "29th Czech Open A 2018"]
[Site "Pardubice CZE"]
[Date "2018.07.24"]
[Round "5.9"]
[White "Vorobiov, Evgeny E."]
[Black "Das, Arghyadip"]
[Result "1/2-1/2"]
[WhiteTitle "GM"]
[BlackTitle "IM"]
[WhiteElo "2564"]
[BlackElo "2436"]
[WhiteFideId "4121341"]
[BlackFideId "5003610"]
[EventDate "2018.07.20"]

1. d4 d5 2. c4 e6 3. Nc3 c6 4. e3 Nf6 5. Bd3 Nbd7 6. b3 b6 7. Nf3 Bb7 8. O-O Bd6
9. Bb2 O-O 10. Rc1 Qe7 11. Re1 Bb4 12. Qc2 h6 13. Red1 Rad8 14. a3 Bd6 15. cxd5
exd5 16. Re1 Rfe8 17. e4 dxe4 18. Nxe4 Qf8 19. Nxd6 Qxd6 20. Bc4 Rxe1+ 21. Rxe1
Re8 22. Rxe8+ Nxe8 23. Ne5 Nxe5 24. dxe5 Qd7 25. Qd3 Qxd3 26. Bxd3 c5 27. b4
cxb4 28. axb4 Nc7 29. Bc3 Ba6 30. Be4 Bc4 31. Bd2 Nd5 32. g3 Kf8 33. f4 f6 34.
exf6 Nxf6 35. Bc2 Kf7 36. h3 h5 37. Kf2 g6 38. f5 gxf5 39. Bxf5 a5 40. bxa5 bxa5
41. Bc2 a4 42. Bb4 Bb3 43. Bd3 Be6 44. h4 Ng4+ 45. Ke2 Ne5 46. Be4 Nc4 47. Kf3
a3 48. Kf4 a2 49. Bc3 Nd2 50. Bd3 Nb3 51. Kg5 a1=Q 52. Bxa1 1/2-1/2

[Event "29th Czech Open A 2018"]
[Site "Pardubice CZE"]
[Date "2018.07.24"]
[Round "5.10"]
[White "Neuman, Petr"]
[Black "Boruchovsky, Avital"]
[Result "1/2-1/2"]
[WhiteTitle "GM"]
[BlackTitle "GM"]
[WhiteElo "2440"]
[BlackElo "2558"]
[WhiteFideId "305243"]
[BlackFideId "2800055"]
[EventDate "2018.07.20"]

1. c4 b6 2. b3 Bb7 3. Bb2 Nf6 4. Nf3 e6 5. g3 Bxf3 6. exf3 Nc6 7. Bg2 d5 8. O-O
Be7 9. f4 Qd7 10. f5 O-O-O 11. fxe6 fxe6 12. Bxf6 Bxf6 13. Nc3 Ne7 14. Qe2 Kb8
15. Rfe1 Rhf8 16. Kh1 Nc6 17. Rac1 Nd4 18. Qd3 c6 19. Ne2 Nxe2 20. Qxe2 Bb2 21.
Rb1 Bd4 22. Qxe6 Rxf2 23. Qxd7 Rxd7 24. cxd5 cxd5 25. Rf1 Rxf1+ 26. Rxf1 Kc7 27.
Rc1+ Kd6 28. Bf3 Bc5 29. Kg2 Re7 30. Kf1 g5 31. Re1 Rf7 32. Ke2 Rf6 33. h3 Bd4
34. Rc1 Rf8 35. h4 gxh4 36. gxh4 a5 37. Rf1 Rf4 38. h5 h6 39. Kd3 Be5 40. Be2
Rd4+ 41. Kc2 Bf4 42. Bd3 Kc5 43. a3 Kd6 44. Rf2 Bg5 45. Bg6 Rh4 46. Rf3 Rh2 47.
Rd3 Ke5 48. Bf7 d4 49. a4 Rf2 50. Bg6 Kd5 51. Kd1 Kc5 52. Kc2 Bf4 53. Be4 Bg5
54. Bg6 Rf4 55. Be8 Bf6 56. Bg6 Kb4 57. Be8 Be5 58. Bg6 Ka3 59. Kd1 Rf2 60. Kc2
Rf4 61. Kd1 Kb2 62. Ke2 Bf6 63. Rf3 Rxf3 64. Kxf3 Kxb3 65. Be8 Kc2 66. Ke2 d3+
67. Ke3 Bg5+ 68. Ke4 Kxd2 69. Bb5 Kc3 70. Bxd3 Kb4 1/2-1/2

[Event "29th Czech Open A 2018"]
[Site "Pardubice CZE"]
[Date "2018.07.24"]
[Round "5.11"]
[White "Nguyen, Thai Dai Van"]
[Black "Horvath, Dominik"]
[Result "1/2-1/2"]
[WhiteTitle "GM"]
[BlackTitle "IM"]
[WhiteElo "2546"]
[BlackElo "2429"]
[WhiteFideId "358878"]
[BlackFideId "1642561"]
[EventDate "2018.07.20"]

1. e4 e5 2. Nf3 Nc6 3. Nc3 Nf6 4. d4 exd4 5. Nxd4 Bb4 6. Nxc6 bxc6 7. Bd3 d5 8.
exd5 O-O 9. O-O Bg4 10. f3 Bh5 11. g4 Bg6 12. Bxg6 hxg6 13. dxc6 Bxc3 14. Qxd8
Rfxd8 15. bxc3 Rd6 16. g5 Nd5 17. Rd1 Rad8 18. c4 Nc3 19. Rxd6 Rxd6 20. Bb2 Na4
21. Be5 Rxc6 22. Rd1 Nb6 23. Rd8+ Kh7 24. Bg3 Nxc4 25. Rd7 Nd6 26. Bxd6 cxd6 27.
Rxf7 Ra6 28. Rc7 Rxa2 29. Kf2 Ra5 30. h4 Ra4 31. c4 Ra3 32. Kg3 Ra4 33. Rc6 a5
34. f4 Ra1 35. Rxd6 Rc1 36. Ra6 Rxc4 37. Rxa5 Rc1 38. Ra3 Rg1+ 39. Kf3 Rh1 40.
Kg4 Rg1+ 41. Rg3 Rf1 42. Rh3 Kg8 43. Rf3 Rg1+ 44. Kh3 Kh7 45. Rf2 Rh1+ 46. Kg3
Rg1+ 47. Kh2 Rg4 48. Kh3 Rg1 1/2-1/2

[Event "29th Czech Open A 2018"]
[Site "Pardubice CZE"]
[Date "2018.07.24"]
[Round "5.12"]
[White "Mozharov, Mikhail"]
[Black "Kopylov, Michael"]
[Result "1-0"]
[WhiteTitle "GM"]
[BlackTitle "IM"]
[WhiteElo "2542"]
[BlackElo "2426"]
[WhiteFideId "4189825"]
[BlackFideId "14105080"]
[EventDate "2018.07.20"]

1. d4 d5 2. c4 e6 3. Nf3 c6 4. e3 Nf6 5. b3 Nbd7 6. Bb2 Be7 7. Nbd2 O-O 8. Bd3
b6 9. O-O Bb7 10. Qe2 c5 11. Rfd1 cxd4 12. exd4 dxc4 13. bxc4 Qc7 14. Rac1 Rfe8
15. Bb1 Rad8 16. Re1 Bb4 17. Bc3 Bxc3 18. Rxc3 Nf8 19. Ne4 Nxe4 20. Bxe4 Ng6 21.
Bxb7 Qxb7 22. Re3 Rf8 23. Re4 Rc8 24. h4 Qc7 25. d5 exd5 26. cxd5 Qd6 27. Rd1
Rc5 28. Ra4 a5 29. Rad4 Rd8 30. Ng5 Rc7 31. h5 Re7 32. Qf3 Ne5 33. Qf5 g6 34.
Qh3 Qf6 35. hxg6 Qxg6 36. f4 Nd7 37. f5 Qg7 38. Ne6 fxe6 39. dxe6 Kh8 40. Rd6 b5
41. Qf3 Qe5 42. R6d5 Qc7 43. Qf2 Qc4 44. Qb2+ Kg8 45. R1d4 1-0

[Event "29th Czech Open A 2018"]
[Site "Pardubice CZE"]
[Date "2018.07.24"]
[Round "5.13"]
[White "Babula, Vlastimil"]
[Black "Bryzgalin, Kirill"]
[Result "0-1"]
[WhiteTitle "GM"]
[BlackTitle "GM"]
[WhiteElo "2533"]
[BlackElo "2424"]
[WhiteFideId "301264"]
[BlackFideId "4133285"]
[EventDate "2018.07.20"]

1. d4 d5 2. c4 c6 3. Nf3 Nf6 4. Nc3 a6 5. e3 Bf5 6. Bd2 e6 7. Qb3 Ra7 8. Nh4 Be4
9. cxd5 Bxd5 10. Qc2 Nbd7 11. Be2 Ne4 12. Nf3 f5 13. Bd3 Ndf6 14. O-O Bd6 15.
Ne5 O-O 16. Nxd5 exd5 17. Bc1 g6 18. f3 Ng5 19. e4 Ne6 20. Be3 Qb6 21. Nc4 dxc4
22. Bxc4 Re8 23. Rae1 Qc7 24. Bxe6+ Rxe6 25. Qb3 Bxh2+ 26. Kh1 Qf7 27. d5 cxd5
28. exd5 Rxe3 29. Qxe3 Bb8 30. Rc1 Qd7 31. Rfe1 Kf7 32. Qh6 a5 33. d6 Bxd6 34.
Rcd1 Ra6 35. Qh4 Rc6 36. Qa4 Qc7 37. Qb3+ Kg7 38. Re6 Bg3 39. Qe3 Rxe6 40. Qxe6
Qe5 41. Qxe5 Bxe5 42. Re1 Bd6 0-1

[Event "29th Czech Open A 2018"]
[Site "Pardubice CZE"]
[Date "2018.07.24"]
[Round "5.15"]
[White "Praggnanandhaa, R"]
[Black "Haldorsen, Benjamin"]
[Result "1/2-1/2"]
[WhiteTitle "IM"]
[BlackTitle "FM"]
[WhiteElo "2529"]
[BlackElo "2423"]
[WhiteFideId "25059530"]
[BlackFideId "1512633"]
[EventDate "2018.07.20"]

1. e4 c5 2. Nf3 e6 3. d4 cxd4 4. Nxd4 Nc6 5. Nc3 Qc7 6. g4 a6 7. h4 Nxd4 8. Qxd4
Ne7 9. Be3 b5 10. a3 Nc6 11. Qd2 Ne5 12. Be2 Nc4 13. Bxc4 Qxc4 14. O-O-O a5 15.
Qd4 Qxd4 16. Bxd4 Ba6 17. Rhe1 b4 18. axb4 axb4 19. Na4 Bb5 20. Nb6 Rb8 21. b3
Be7 22. g5 O-O 23. Kb2 Rb7 24. Ra1 f6 25. Ra5 Bc6 26. gxf6 Bxf6 27. Bxf6 Rxf6
28. Ra8+ Kf7 29. Nc4 Rc7 30. Ne5+ Ke7 31. Rg8 Rxf2 32. Rxg7+ Kf8 33. Rxh7 Rxc2+
34. Kb1 Bxe4 35. Nxd7+ Rxd7 36. Rxe4 Rdd2 37. Rc4 Rxc4 38. bxc4 Rd4 39. c5 Rc4
40. Rh5 Ke7 41. Kb2 Kd7 42. Kb3 Rg4 43. Rh8 Kc6 44. h5 Kxc5 45. h6 Rg3+ 46. Kc2
Rh3 47. h7 Rh2+ 48. Kd3 Rh3+ 49. Ke4 Rh4+ 50. Kf3 b3 51. Rc8+ Kd4 52. h8=Q+ Rxh8
53. Rxh8 b2 54. Rb8 Kc3 55. Ke2 Kc2 56. Rc8+ Kb3 57. Rb8+ Kc2 58. Ke3 b1=Q 59.
Rxb1 Kxb1 60. Ke4 Kc2 1/2-1/2

[Event "29th Czech Open A 2018"]
[Site "Pardubice CZE"]
[Date "2018.07.24"]
[Round "5.16"]
[White "Matviishen, Viktor"]
[Black "Shyam, Sundar M."]
[Result "0-1"]
[WhiteTitle "IM"]
[BlackTitle "GM"]
[WhiteElo "2423"]
[BlackElo "2527"]
[WhiteFideId "14129850"]
[BlackFideId "5019141"]
[EventDate "2018.07.20"]

1. d4 Nf6 2. c4 e6 3. Nf3 c5 4. d5 d6 5. Nc3 exd5 6. cxd5 g6 7. e4 Bg7 8. Be2
O-O 9. O-O Bg4 10. Bg5 h6 11. Bh4 Bxf3 12. Bxf3 Nbd7 13. Be2 Re8 14. Qc2 a6 15.
a4 Qc7 16. a5 Nh7 17. Rfe1 h5 18. f4 c4 19. Bf2 Nhf6 20. Ra4 b5 21. axb6 Nxb6
22. Rb4 Nfd7 23. Na4 Rab8 24. Nxb6 Nxb6 25. Rd1 a5 26. Rb5 Nd7 27. Qxc4 Qxc4 28.
Bxc4 Rxe4 29. Rxb8+ Nxb8 30. b3 Nd7 31. g3 Bc3 32. Rc1 Bd4 33. Bxd4 Rxd4 34. Ra1
Nf6 35. Rxa5 Rd1+ 36. Kf2 Rd2+ 37. Be2 Rb2 38. Rb5 Ne4+ 39. Kf3 Nc3 40. Rb8+ Kg7
41. Bc4 Rxh2 42. Re8 f5 43. Re1 Ne4 44. Rg1 Rc2 45. Bd3 Rc3 46. Ke2 Rxb3 47.
Bxe4 fxe4 0-1

[Event "29th Czech Open A 2018"]
[Site "Pardubice CZE"]
[Date "2018.07.24"]
[Round "5.17"]
[White "Erenberg, Ariel"]
[Black "Noe, Christopher"]
[Result "0-1"]
[WhiteTitle "IM"]
[BlackTitle "IM"]
[WhiteElo "2413"]
[BlackElo "2520"]
[WhiteFideId "2811634"]
[BlackFideId "24692018"]
[EventDate "2018.07.20"]

1. d4 Nf6 2. c4 e6 3. Nf3 Bb4+ 4. Nbd2 O-O 5. a3 Bxd2+ 6. Qxd2 b6 7. e3 Bb7 8.
Be2 d6 9. b4 Nbd7 10. Bb2 a5 11. O-O Qe7 12. Rfd1 Ra7 13. h3 Rfa8 14. Qc2 Qf8
15. b5 Ne4 16. Nd2 Nxd2 17. Rxd2 Qe7 18. Bd3 Qh4 19. Re1 Re8 20. a4 Raa8 21. Ba3
e5 22. c5 Nf6 23. cxb6 cxb6 24. Qc7 Bd5 25. dxe5 dxe5 26. Qxb6 Qxa4 27. Bd6 Qh4
28. Bf1 Ne4 29. Rc2 Re6 30. Bb8 h6 31. Qc7 Re8 32. g3 Qf6 33. Ba7 Re7 34. b6
Rxc7 35. bxc7 Rc8 36. Bb8 Ng5 37. Bg2 Bxg2 38. Kxg2 Qf5 0-1